Золотое правило инвестирования: пер. с англ.

Sonraí bibleagrafaíochta
Príomhchruthaitheoir: Мансухани Г. Р.
Achoimre:Исключено из фонда НТБ ТПУ
Teanga:Rúisis
Foilsithe / Cruthaithe: Москва, Церих-ПЭЛ, 1995
Eagrán:2-е изд.
Formáid: MixedMaterials LEABHAR
KOHA link:https://koha.lib.tpu.ru/cgi-bin/koha/opac-detail.pl?biblionumber=11687

MARC

LEADER 00000nam0a2200000 4500
001 11687
005 20231030183837.0
010 |a 5878110148 
035 |a (RuTPU)RU\TPU\book\11760 
035 |a BOOK00011826 
090 |a 11687 
100 |a 20011209d1995 m y0rusy50 ca 
101 1 |a rus  |c eng 
102 |a RU 
105 |a y z 000zy 
200 1 |a Золотое правило инвестирования  |e пер. с англ.  |f Г. Р. Мансухани 
205 |a 2-е изд. 
210 |a Москва  |c Церих-ПЭЛ  |d 1995 
215 |a 93 с. 
333 |a Исключено из фонда НТБ ТПУ 
700 1 |a Мансухани  |b Г. Р. 
801 0 |a RU  |b 63413507  |c 20011209  |g PSBO 
801 2 |a RU  |b 63413507  |c 20230628  |g PSBO 
942 |c BK